Manual de manteniment de parcs i jardins /
ISBN:
84-7794-380-X
Publicado:
Barcelona :
Diputació de Barcelona, Àrea de Cooperació, Oficina Tècnica de Cooperació ,
1995
Descripción Física:
153 p. : il. ; 24 cm
Colección:
OTC manuals de gestió
; 3
Otros Autores:
Marquès Mascarell, Jaume, coord
Idioma:
Catalán
MARC
| LEADER | 00000nam a2200000Ia 4500 | ||
|---|---|---|---|
| 001 | 10944 | ||
| 003 | Arxiu | ||
| 005 | 20260324175612.0 | ||
| 008 | 160829s1995 spc xx s cat c | ||
| 020 | |a 84-7794-380-X | ||
| 040 | |a AGDB | ||
| 080 | |a C-1-265 | ||
| 245 | 0 | 0 | |a Manual de manteniment de parcs i jardins / |c [coordinador de l'equip redactor: Jaume Marquès i Mascarell] |
| 260 | |a Barcelona : |b Diputació de Barcelona, Àrea de Cooperació, Oficina Tècnica de Cooperació, |c 1995 | ||
| 300 | |a 153 p. : |b il. ; |c 24 cm | ||
| 490 | 1 | |a OTC manuals de gestió ; |v 3 | |
| 590 | |a Bibliografia | ||
| 650 | |a Parcs |x Manteniment |9 34797 | ||
| 650 | |a Jardins |x Manteniment |9 34798 | ||
| 700 | |a Marquès Mascarell, Jaume, coord. |9 34799 | ||
| 710 | |a Barcelona (Catalunya : Província). |b Oficina Tècnica de Cooperació |9 53580 | ||
| 830 | 0 | |9 56040 |a OTC manuals de gestió |v 3 | |
| 901 | |a Arxiu | ||
| 942 | |n 1 |2 udc |c ARXIU | ||
| 952 | |0 0 |1 0 |4 0 |6 C1265 |7 1 |9 46644 |a Arxiu |b Arxiu |d 2016-12-01 |l 0 |o C-1-265 |p 10944 |r 2016-12-01 00:00:00 |w 2016-12-01 |y ARXIU | ||
| 999 | |c 50437 |d 50437 | ||